000 00457nam a2200169Ia 4500
005 20250508151850.0
008 008 250505s9999 xx 000 0 eng d
037 _aBooks to be hide in OPAC
040 _aFEDL
_beng
_cFEDL
041 _aeng
_2eng
084 _a372, RUS/O
_qFEDL
100 _aPeryshkil A B (et. al)
_9760191
245 0 _aPhysics. Par 1 (Russian)
260 _c1953
942 _cHB
_h372, RUS/O
999 _c1332585
_d1332585